000
00338nam a2200133Ia 4500
008
240624s9999 xx 000 0 und d
041
_a
eng
082
_a
332.12 HAW
100
_a
HAWKES VALERIE
245
_a
ACT COMPANION TO TREASURY MANAGEMENT
260
_c
1999
_a
Boston
_b
Woodhead Publishing
300
_a
192 : p.
365
_c
BPS
_b
25
999
_c
20214
_d
20214